[Event "Hradec Kralove Open 2022 - A FIDE Open"]
[Site "Cernigov hotel, Hradec Kralove"]
[Date "2022.11.12"]
[Round "9"]
[Board "5"]
[White "Navratil, Jiri"]
[Black "Dusbaba, Karel"]
[Result "1-0"]
[WhiteElo "1891"]
[BlackElo "2046"]
[PlyCount "134"]
[EventDate "2022.11.05"]
[EventRounds "9"]
[EventCountry "CZE"]

1. d4 d5 2. Nf3 Bf5 3. Bf4 c6 4. c3 Nd7 5. e3 Ngf6 6. h3 g6 7. Nbd2 Bg7 8. Be2 O-O
9. g4 Be4 10. g5 Bxf3 11. Bxf3 Ne8 12. h4 e5 13. Bg3 Nc7 14. Bg4 Ne6 15. Bxe6 fxe6
16. Qg4 Qe7 17. h5 Rf5 18. hxg6 hxg6 19. f4 e4 20. Rh4 Rff8 21. Ke2 Kf7 22. Rah1
Rh8 23. Nf1 Nb6 24. Kd2 Nc4+ 25. Kc2 Nd6 26. Rxh8 Rxh8 27. Rxh8 Bxh8 28. Qh3 Bg7
29. Nh2 Nf5 30. Ng4 Kg8 31. Be1 c5 32. Bd2 Qc7 33. Kd1 cxd4 34. exd4 Qa5 35. a3 Qb5
36. Kc2 Qc4 37. Kb1 Qb3 38. Qf1 a6 39. Kc1 Qb6 40. Kc2 Qc7 41. Kb1 Qc8 42. Qe2 Kf7
43. Ne3 Qh8 44. Nxf5 exf5 45. Be3 Qh1+ 46. Ka2 Qh8 47. Qd2 Bf8 48. Qc2 Bd6 49. Qb3
Qc8 50. Qxd5+ Qe6 51. Qxe6+ Kxe6 52. c4 Kd7 53. b4 b5 54. Kb3 Bc7 55. a4 bxc4+ 56.
Kxc4 Kd6 57. b5 axb5+ 58. Kxb5 Kd5 59. a5 Bxf4 60. Bxf4 Kxd4 61. a6 e3 62. a7 Ke4
63. Bg3 Kf3 64. Be1 f4 65. a8=Q+ Ke2 66. Bh4 f3 67. Qa2+ Kf1  1-0

[Event "Hradec Kralove Open 2022 - A FIDE Open"]
[Site "Cernigov hotel, Hradec Kralove"]
[Date "2022.11.12"]
[Round "9"]
[Board "6"]
[White "Smietanska, Wiktoria"]
[Black "Novotny, Lubomir"]
[Result "1-0"]
[WhiteElo "1954"]
[BlackElo "1846"]
[PlyCount "101"]
[EventDate "2022.11.05"]
[EventRounds "9"]
[EventCountry "CZE"]

1. e4 d5 2. exd5 Nf6 3. c4 c6 4. dxc6 Nxc6 5. Nf3 Bg4 6. Be2 e5 7. d3 Bc5 8. O-O
O-O 9. Nc3 Qd7 10. Bg5 Rad8 11. Nd5 Nxd5 12. cxd5 Qxd5 13. Bxd8 Rxd8 14. Qa4 Bd7
15. Qe4 Qe6 16. Rac1 Bb6 17. Rfe1 h6 18. b3 f5 19. Qh4 g5 20. Qc4 Qxc4 21. Rxc4 Be6
22. Rxc6 bxc6 23. Nxe5 Bd5 24. Kf1 g4 25. Rc1 Kg7 26. Rc2 Rc8 27. Nc4 Bd4 28. Ne3
Be6 29. g3 h5 30. Ng2 a5 31. Nf4 Bf7 32. Bd1 h4 33. f3 a4 34. bxa4 hxg3 35. hxg3
Rb8 36. fxg4 Rb1 37. Ke2 fxg4 38. Rxc6 Rb2+ 39. Rc2 Rb8 40. Ke1 Rh8 41. Bxg4 Rh1+
42. Kd2 Be5 43. Ne2 Ra1 44. Bd7 Bxa2 45. Rc1 Bb1 46. Nc3 Bxc3+ 47. Kxc3 Ra3+ 48.
Kb2 Rxd3 49. Bb5 Rxg3 50. Rxb1 Kf6 51. Re1  1-0

[Event "Hradec Kralove Open 2022 - A FIDE Open"]
[Site "Cernigov hotel, Hradec Kralove"]
[Date "2022.11.12"]
[Round "9"]
[Board "7"]
[White "Jankowski, Aleksander"]
[Black "Celik, Ali Alper"]
[Result "1/2-1/2"]
[WhiteElo "1730"]
[BlackElo "1949"]
[PlyCount "50"]
[EventDate "2022.11.05"]
[EventRounds "9"]
[EventCountry "CZE"]

1. d4 d5 2. c4 c6 3. Nf3 e6 4. g3 dxc4 5. Bg2 Nf6 6. Ne5 Be7 7. Nxc4 Nbd7 8. O-O
O-O 9. Bf4 Nb6 10. Nba3 Nfd5 11. Bd2 c5 12. Ba5 cxd4 13. Qxd4 Bf6 14. Qc5 Qd7 15.
Bxb6 axb6 16. Nxb6 Nxb6 17. Qxb6 Qd2 18. Rab1 Qxe2 19. Rfe1 Qd2 20. Qe3 Qxe3 21.
Rxe3 Bd4 22. Rb3 e5 23. Bxb7 Bxb7 24. Rxb7 Bxb2 25. R7xb2 Rxa3  1/2-1/2

[Event "Hradec Kralove Open 2022 - A FIDE Open"]
[Site "Cernigov hotel, Hradec Kralove"]
[Date "2022.11.12"]
[Round "9"]
[Board "9"]
[White "Svoboda, Frantisek"]
[Black "Jiruse, Josef"]
[Result "0-1"]
[WhiteElo "1616"]
[BlackElo "1917"]
[PlyCount "94"]
[EventDate "2022.11.05"]
[EventRounds "9"]
[EventCountry "CZE"]

1. d4 Nf6 2. Nf3 d5 3. e3 c6 4. Bd3 Bg4 5. Nbd2 Nbd7 6. b3 e5 7. dxe5 Nxe5 8. Be2
Nxf3+ 9. Bxf3 Bxf3 10. gxf3 Qa5 11. Bb2 O-O-O 12. a3 Be7 13. b4 Qc7 14. Nb3 Rhe8
15. Qd4 Kb8 16. O-O-O Bd6 17. Nc5 Be5 18. Qh4 Bxb2+ 19. Kxb2 Qe5+ 20. Kb3 b6 21.
Nd3 Qd6 22. Qg3 g6 23. Qxd6+ Rxd6 24. Rhe1 Kc7 25. c4 dxc4+ 26. Kxc4 Red8 27. Nb2
b5+ 28. Kb3 Rxd1 29. Rxd1 Rxd1 30. Nxd1 Kb6 31. Nb2 Nd7 32. Nd3 c5 33. Kc3 a5 34.
e4 g5 35. f4 axb4+ 36. axb4 c4 37. Ne1 gxf4 38. Kd4 f6 39. Kd5 Ne5 40. f3 Kc7 41.
Ke6 c3 42. Kxf6 Nxf3 43. Nd3 Nxh2 44. Nxf4 c2 45. Ne2 Nf3 46. e5 Nd4 47. Nc1 Kd7
 0-1

[Event "Hradec Kralove Open 2022 - A FIDE Open"]
[Site "Cernigov hotel, Hradec Kralove"]
[Date "2022.11.12"]
[Round "9"]
[Board "12"]
[White "Steiner, Pavel"]
[Black "Nemec, Otakar"]
[Result "1-0"]
[WhiteElo "1731"]
[BlackElo "1805"]
[PlyCount "115"]
[EventDate "2022.11.05"]
[EventRounds "9"]
[EventCountry "CZE"]

1. d4 Nf6 2. c4 g6 3. Nc3 d5 4. cxd5 Nxd5 5. e4 Nxc3 6. bxc3 Bg7 7. Be3 c5 8. Nf3
Qa5 9. Qd2 cxd4 10. cxd4 Qxd2+ 11. Kxd2 O-O 12. Rc1 e6 13. Rc7 Nc6 14. Bb5 Rd8 15.
Bxc6 bxc6 16. Rc1 e5 17. Kc3 exd4+ 18. Bxd4 Ba6 19. Bxg7 Kxg7 20. Ng5 Kg8 21. Nxf7
Rd3+ 22. Kc2 Rd4 23. Re1 Bb5 24. e5 Rf4 25. Nh6+ Kf8 26. f3 Re8 27. Rxa7 Re7 28.
Ra8+ Re8 29. Ra3 Rd4 30. e6 Bc4 31. e7+ Kg7 32. Ng4 Rd7 33. Rae3 Bxa2 34. Nf2 Kf7
35. Ne4 Rexe7 36. Ng5+ Kf6 37. Rxe7 Rxe7 38. Rxe7 Kxe7 39. Nxh7 Ke6 40. Nf8+ Kf6
41. Nd7+ Kf5 42. Kd3 Ke6 43. Nf8+ Kf7 44. Nd7 Ke6 45. Nc5+ Ke5 46. Ke3 Bd5 47. h4
Bc4 48. g3 Bb5 49. Nd3+ Kf5 50. Kd4 Ba6 51. g4+ Kf6 52. Nc5 Be2 53. Ke3 Bd1 54. Kf4
Kf7 55. Nd7 Ba4 56. Ne5+ Kf6 57. Nd7+ Ke6 58. Nc5+  1-0

[Event "Hradec Kralove Open 2022 - A FIDE Open"]
[Site "Cernigov hotel, Hradec Kralove"]
[Date "2022.11.12"]
[Round "9"]
[Board "14"]
[White "Stankova, Radka"]
[Black "Svec, Ludek"]
[Result "1-0"]
[WhiteElo "1833"]
[BlackElo "1602"]
[PlyCount "51"]
[EventDate "2022.11.05"]
[EventRounds "9"]
[EventCountry "CZE"]

1. e4 c5 2. Nc3 e6 3. f4 Nc6 4. Bb5 d5 5. Bxc6+ bxc6 6. e5 c4 7. Nf3 a5 8. Na4 Bb7
9. O-O g6 10. b3 cxb3 11. axb3 c5 12. Ba3 Rc8 13. d4 c4 14. Bxf8 Kxf8 15. Nc5 Bc6
16. Ng5 Qb6 17. Qg4 Rb8 18. bxc4 h5 19. Qh3 dxc4 20. Nxf7 Kxf7 21. Qxe6+ Kg7 22.
f5 Be8 23. f6+ Kh6 24. f7 Bxf7 25. Qxf7 Rh7 26. Qxc4  1-0